000 01120nam a2200253 a 4500
001 74415
003 BD-RjUL
005 20211209082541.0
008 180917s2016 b a|||| b||| 000 0 b d
035 _a(BD-RjUL)74633
040 _aBD-RjUL
_beng
_cBD-RjUL
041 _aben
082 _223
_a305.42095492
_bROK 2016
245 _aরোকেয়া স্মারক বক্তৃতা মালা /
_cসম্পাদক ; সৈয়দা আতিকুন নাহার.---[ও অনান্য]
260 _aঢাকাবিশ্ববিদ্যালয় :
_bরোকেয়া হল ,
_c২০১৬
300 _a৩২৮ পৃ. :
_bচিত্র ;
_c22 সেমি
500 _aইনডেক্স সংযোজিত
600 _aরোকেয়া, বেগম
_d১৮৮০-১৯৩২
_9222660
600 _aRokeẏā, Begama,
_d1880-1932
_9222661
650 _aনারী অধিকারের সমর্থন
_9222655
650 _aFeminism
_9222656
700 _aআতিকুন নাহার, সৈয়দা
_9222657
942 _2ddc
_cBK
999 _c74415
_d74415